00566nam a2200169Ia 4500008004100000040001800041041000800059100002600067245006400093260006500157300001800222504003900240600003400279650001900313650002700332651003700359130821s1983 ck gr spa  aCo-BoUCMbspa aspa aRozo Acuña, Eduardo aBolívar Pensamiento constitucionalcEduardo Rozo Acuña aBogotá (Colombia)bUniversidad Externado de Colombiac1983 a167 páginas aIncluye apéndices e índice. -- aBolívar, Simónd1783-183004aConstituciones04aDerecho constitucional aAmérica LatinaxConstitución